000 00275nam a22001337a 4500
008 210426b ||||| |||| 00| 0 eng d
041 _aeng
080 _a572
082 _a572
100 _a24
101 _aANT
245 _aNirmal Kumar Bose
_cSinha,S
942 _2udc
_cBK
999 _c56783
_d56783